The Evidence: (Record no. 192390)

MARC details
000 -LEADER
fixed length control field 00659nam a22001817a 4500
005 - DATE AND TIME OF LATEST TRANSACTION
control field 20220920160533.0
010 ## - LCCN (DPL NO)
LC control number ENG-135148
020 ## - INTERNATIONAL STANDARD BOOK NUMBER
Terms of availability 300.00
035 ## - SYSTEM CONTROL NUMBER
System control number EN-118680
037 ## - SOURCE OF ACQUISITION
Source of stock number/acquisition DBAD / PUB
082 ## - DEWEY DECIMAL CLASSIFICATION NUMBER
Classification number 909
100 ## - MAIN ENTRY--PERSONAL NAME
Personal name Shekhar, Indu Mudigonda
245 ## - TITLE STATEMENT
Title The Evidence:
Remainder of title Ancient India's Cultural Influence on World Countries/
Statement of responsibility, etc Mudigonda Indu Shekhar
260 ## - PUBLICATION, DISTRIBUTION, ETC. (IMPRINT)
Place of publication, distribution, etc Hyderabad
Name of publisher, distributor, etc Sahitya Niketan, Keshav Nilayam, Barkatpura,
Date of publication, distribution, etc 2020
270 ## - ADDRESS
City Hyderabad
Address Sahitya Niketan, Keshav Nilayam, Barkatpura,
Postal code 500027
Telephone number 04027563236
300 ## - PHYSICAL DESCRIPTION
Extent 131p.
Dimensions 24cm(pbk).
Other physical details References, Bibliography and Websites
942 ## - ADDED ENTRY ELEMENTS (KOHA)
Source of classification or shelving scheme Dewey Decimal Classification
Item type English Books
Call number suffix SHE
Classification part 909
Holdings
Withdrawn status Lost status Not for loan Collection code Home library Current library Date acquired Source of acquisition Cost, normal purchase price Full call number Barcode Copy number Cost, replacement price Koha item type
      Non-fiction Bawana Bawana 20/09/2022 DBAD/PUB 300.00 909 SHE EN-118680 1 300.00 English Books

© Delhi Public Library
Hit Counter
free hit counter